| 000 | 00000nam##2200000za#4500 |
| 001 | 9.695485 |
| 003 | CaOODSP |
| 005 | 20210624234610 |
| 007 | cr ||||||||||| |
| 008 | 150407|2011||||xxc|||||o f|0| 0 eng|d |
| 020 | |a978-1-100-19954-2 |
| 040 | |aCaOODSP|beng |
| 043 | |an-cn--- |
| 086 | 1 |aPS4-114/2011E-PDF |
| 110 | 1 |aCanada. |bPublic Safety Canada. |
| 245 | 10|aCrime facilitation purposes of social networking sites : |h[electronic resource]|ba review and analysis of the “cyberbanging” phenomenon / |cby Carlo Morselli and David Décary-Hétu. |
| 260 | |aOttawa - Ontario : |bPublic Safety Canada |c2010. |
| 300 | |a22p.|breferences, tables |
| 500 | |a"Report no. 015, 2010"--p. 1 of 22. |
| 590 | |a12-05-Supp|b2012-03-02 |
| 720 | 1 |aMorselli, Carlo |
| 720 | 1 |aDécary-Hétu, David |
| 775 | 08|tL'utilisation des sites de réseautage social à des fins criminelles : |w(CaOODSP)9.639622 |
| 856 | 40|ahttp://publications.gc.ca|qPDF|s451 KB|uhttps://publications.gc.ca/collections/collection_2012/sp-ps/PS4-114-2011-eng.pdf |